Statistics for One-Club Soccer Players

Click here to take the quiz!

General Stats

  • This quiz has been taken 1,402 times
    (1,378 since last reset)
  • The average score is 14 of 22

Answer Stats

PlayerTeam% Correct
Lionel MessiBarcelona
99%
Steven GerrardLiverpool
99%
Paolo MaldiniAC Milan
97%
Franz BeckenbauerBayern Munich
95%
Ryan GiggsManchester United
95%
Francesco TottiAS Roma
91%
John TerryChelsea
91%
Iker CasillasReal Madrid
91%
EusebioBenfica
84%
PeléSantos
84%
Alessandro Del PieroJuventus Turin
83%
Javier ZanettiInter Milan
79%
Ledley KingTottenham Hotspur
49%
Bobby MooreWest Ham United
49%
Tony AdamsArsenal
48%
Matthew Le TissierSouthampton
43%
Lev YashinDynamo Moscow
36%
Rogério CeniSão Paulo FC
32%
Uwe SeelerHamburger SV
18%
Berti VogtsBorussia Mönchengladbach
16%
Alain GiresseGirondins de Bordeaux
15%
Steve CherundoloHannover 96
8%

Score Distribution

Percentile by Number Answered

Percent of People with Each Score

Your Score History

You have not taken this quiz since the last reset